<?xml version="1.0" encoding="UTF-8"?>
<record
    xmlns:xsi="http://www.w3.org/2001/XMLSchema-instance"
    xsi:schemaLocation="http://www.loc.gov/MARC21/slim http://www.loc.gov/standards/marcxml/schema/MARC21slim.xsd"
    xmlns="http://www.loc.gov/MARC21/slim">

  <leader>03070nam a22002897a 4500</leader>
  <controlfield tag="003">NALT</controlfield>
  <controlfield tag="005">20230502094912.0</controlfield>
  <controlfield tag="008">230427b        th ||||| |||| 00| 0 tha d</controlfield>
  <datafield tag="020" ind1=" " ind2=" ">
    <subfield code="a">9786165685863</subfield>
  </datafield>
  <datafield tag="040" ind1=" " ind2=" ">
    <subfield code="a">NALT</subfield>
  </datafield>
  <datafield tag="050" ind1=" " ind2=" ">
    <subfield code="a">HM 1126 </subfield>
    <subfield code="b">&#xE01;831 2563</subfield>
  </datafield>
  <datafield tag="100" ind1="0" ind2=" ">
    <subfield code="9">60728</subfield>
    <subfield code="a">&#xE19;&#xE31;&#xE01;&#xE28;&#xE36;&#xE01;&#xE29;&#xE32;&#xE2B;&#xE25;&#xE31;&#xE01;&#xE2A;&#xE39;&#xE15;&#xE23;&#xE01;&#xE32;&#xE23;&#xE40;&#xE2A;&#xE23;&#xE34;&#xE21;&#xE2A;&#xE23;&#xE49;&#xE32;&#xE07;&#xE2A;&#xE31;&#xE07;&#xE04;&#xE21;&#xE2A;&#xE31;&#xE19;&#xE15;&#xE34;&#xE2A;&#xE38;&#xE02; &#xE23;&#xE38;&#xE48;&#xE19;&#xE17;&#xE35;&#xE48; 10</subfield>
  </datafield>
  <datafield tag="245" ind1="0" ind2="0">
    <subfield code="a">"&#xE40;&#xE01;&#xE32;&#xE30;&#xE40;&#xE2A;&#xE21;&#xE47;&#xE14;" &#xE01;&#xE32;&#xE23;&#xE40;&#xE1B;&#xE25;&#xE35;&#xE48;&#xE22;&#xE19;&#xE41;&#xE1B;&#xE25;&#xE07;&#xE2A;&#xE39;&#xE48;&#xE2A;&#xE31;&#xE07;&#xE04;&#xE21;&#xE2A;&#xE31;&#xE19;&#xE15;&#xE34;&#xE2A;&#xE38;&#xE02;&#xE41;&#xE25;&#xE30;&#xE22;&#xE31;&#xE48;&#xE07;&#xE22;&#xE37;&#xE19; /</subfield>
    <subfield code="c">&#xE19;&#xE31;&#xE01;&#xE28;&#xE36;&#xE01;&#xE29;&#xE32;&#xE2B;&#xE25;&#xE31;&#xE01;&#xE2A;&#xE39;&#xE15;&#xE23;&#xE1B;&#xE23;&#xE30;&#xE01;&#xE32;&#xE28;&#xE19;&#xE35;&#xE22;&#xE1A;&#xE31;&#xE15;&#xE23;&#xE0A;&#xE31;&#xE49;&#xE19;&#xE2A;&#xE39;&#xE07;&#xE01;&#xE32;&#xE23;&#xE40;&#xE2A;&#xE23;&#xE34;&#xE21;&#xE2A;&#xE23;&#xE49;&#xE32;&#xE07;&#xE2A;&#xE31;&#xE07;&#xE04;&#xE21;&#xE2A;&#xE31;&#xE19;&#xE15;&#xE34;&#xE2A;&#xE38;&#xE02; &#xE23;&#xE38;&#xE48;&#xE19;&#xE17;&#xE35;&#xE48; 10 &#xE2A;&#xE16;&#xE32;&#xE1A;&#xE31;&#xE19;&#xE1E;&#xE23;&#xE30;&#xE1B;&#xE01;&#xE40;&#xE01;&#xE25;&#xE49;&#xE32;.</subfield>
  </datafield>
  <datafield tag="246" ind1="1" ind2="4">
    <subfield code="a">Transformation to peaceful and sustainable society.</subfield>
  </datafield>
  <datafield tag="250" ind1=" " ind2=" ">
    <subfield code="a">&#xE1E;&#xE34;&#xE21;&#xE1E;&#xE4C;&#xE04;&#xE23;&#xE31;&#xE49;&#xE07;&#xE17;&#xE35;&#xE48; 1.</subfield>
  </datafield>
  <datafield tag="260" ind1=" " ind2=" ">
    <subfield code="a">&#xE01;&#xE23;&#xE38;&#xE07;&#xE40;&#xE17;&#xE1E;&#xE2F; :</subfield>
    <subfield code="b">&#xE2A;&#xE33;&#xE19;&#xE31;&#xE01;&#xE2A;&#xE31;&#xE19;&#xE15;&#xE34;&#xE27;&#xE34;&#xE18;&#xE35;&#xE41;&#xE25;&#xE30;&#xE18;&#xE23;&#xE23;&#xE21;&#xE32;&#xE20;&#xE34;&#xE1A;&#xE32;&#xE25; &#xE2A;&#xE16;&#xE32;&#xE1A;&#xE31;&#xE19;&#xE1E;&#xE23;&#xE30;&#xE1B;&#xE01;&#xE40;&#xE01;&#xE25;&#xE49;&#xE32;,</subfield>
    <subfield code="c">2563.</subfield>
  </datafield>
  <datafield tag="300" ind1=" " ind2=" ">
    <subfield code="a">104 &#xE2B;&#xE19;&#xE49;&#xE32; : </subfield>
    <subfield code="b">&#xE20;&#xE32;&#xE1E;&#xE1B;&#xE23;&#xE30;&#xE01;&#xE2D;&#xE1A;, &#xE15;&#xE32;&#xE23;&#xE32;&#xE07; ; </subfield>
    <subfield code="c">21 &#xE0B;&#xE21;.</subfield>
  </datafield>
  <datafield tag="505" ind1="0" ind2=" ">
    <subfield code="a">&#xE1B;&#xE10;&#xE21;&#xE1A;&#xE17; -- &#xE08;&#xE38;&#xE14;&#xE40;&#xE23;&#xE34;&#xE48;&#xE21;&#xE02;&#xE2D;&#xE07;&#xE40;&#xE23;&#xE37;&#xE48;&#xE2D;&#xE07;&#xE23;&#xE32;&#xE27;&#xE04;&#xE27;&#xE32;&#xE21;&#xE02;&#xE31;&#xE14;&#xE41;&#xE22;&#xE49;&#xE07; -- &#xE04;&#xE27;&#xE32;&#xE21;&#xE40;&#xE1B;&#xE47;&#xE19;&#xE18;&#xE23;&#xE23;&#xE21;&#xE17;&#xE35;&#xE48;&#xE2B;&#xE32;&#xE22;&#xE44;&#xE1B;&#xE1E;&#xE23;&#xE49;&#xE2D;&#xE21;&#xE01;&#xE31;&#xE1A;&#xE04;&#xE27;&#xE32;&#xE21;&#xE44;&#xE27;&#xE49;&#xE27;&#xE32;&#xE07;&#xE43;&#xE08;&#xE02;&#xE2D;&#xE07;&#xE0A;&#xE38;&#xE21;&#xE0A;&#xE19; -- &#xE23;&#xE32;&#xE0A;&#xE1E;&#xE31;&#xE2A;&#xE14;&#xE38;..&#xE04;&#xE27;&#xE32;&#xE21;&#xE17;&#xE31;&#xE1A;&#xE0B;&#xE49;&#xE2D;&#xE19;&#xE2D;&#xE35;&#xE01;&#xE0A;&#xE31;&#xE49;&#xE19;&#xE02;&#xE2D;&#xE07;&#xE40;&#xE01;&#xE32;&#xE30;&#xE40;&#xE2A;&#xE21;&#xE47;&#xE14; -- &#xE41;&#xE19;&#xE27;&#xE17;&#xE32;&#xE07;&#xE2A;&#xE23;&#xE49;&#xE32;&#xE07;&#xE2A;&#xE31;&#xE07;&#xE04;&#xE21;&#xE2A;&#xE31;&#xE19;&#xE15;&#xE34;&#xE2A;&#xE38;&#xE02;&#xE02;&#xE2D;&#xE07;&#xE04;&#xE19;&#xE40;&#xE01;&#xE32;&#xE30;&#xE40;&#xE2A;&#xE21;&#xE47;&#xE14; -- &#xE1C;&#xE25;&#xE01;&#xE32;&#xE23;&#xE25;&#xE07;&#xE1E;&#xE37;&#xE49;&#xE19;&#xE17;&#xE35;&#xE48;&#xE28;&#xE36;&#xE01;&#xE29;&#xE32; &#xE01;&#xE32;&#xE23;&#xE2A;&#xE33;&#xE23;&#xE27;&#xE08;&#xE41;&#xE25;&#xE30;&#xE2A;&#xE31;&#xE21;&#xE20;&#xE32;&#xE29;&#xE13;&#xE4C;&#xE40;&#xE1E;&#xE37;&#xE48;&#xE2D;&#xE40;&#xE02;&#xE49;&#xE32;&#xE43;&#xE08;&#xE23;&#xE32;&#xE01;&#xE02;&#xE2D;&#xE07;&#xE1B;&#xE31;&#xE0D;&#xE2B;&#xE32; -- &#xE01;&#xE32;&#xE23;&#xE2A;&#xE32;&#xE19;&#xE40;&#xE2A;&#xE27;&#xE19;&#xE32; (Dialogue) &#xE40;&#xE04;&#xE23;&#xE37;&#xE48;&#xE2D;&#xE07;&#xE21;&#xE37;&#xE2D;&#xE43;&#xE19;&#xE01;&#xE32;&#xE23;&#xE41;&#xE01;&#xE49;&#xE44;&#xE02;&#xE1B;&#xE31;&#xE0D;&#xE2B;&#xE32;&#xE2D;&#xE22;&#xE48;&#xE32;&#xE07;&#xE2A;&#xE31;&#xE19;&#xE15;&#xE34; -- &#xE1C;&#xE25;&#xE01;&#xE32;&#xE23;&#xE40;&#xE2A;&#xE27;&#xE19;&#xE32; -- &#xE17;&#xE32;&#xE07;&#xE2D;&#xE2D;&#xE01;&#xE43;&#xE19;&#xE01;&#xE32;&#xE23;&#xE08;&#xE31;&#xE14;&#xE01;&#xE32;&#xE23;&#xE04;&#xE27;&#xE32;&#xE21;&#xE02;&#xE31;&#xE14;&#xE41;&#xE22;&#xE49;&#xE07;&#xE2D;&#xE22;&#xE48;&#xE32;&#xE07;&#xE2A;&#xE31;&#xE19;&#xE15;&#xE34;&#xE2A;&#xE38;&#xE02;&#xE41;&#xE25;&#xE30;&#xE22;&#xE31;&#xE48;&#xE07;&#xE22;&#xE37;&#xE19; -- &#xE1A;&#xE17;&#xE2A;&#xE23;&#xE38;&#xE1B;.</subfield>
  </datafield>
  <datafield tag="650" ind1=" " ind2="4">
    <subfield code="9">18902</subfield>
    <subfield code="a">&#xE01;&#xE32;&#xE23;&#xE1A;&#xE23;&#xE34;&#xE2B;&#xE32;&#xE23;&#xE04;&#xE27;&#xE32;&#xE21;&#xE02;&#xE31;&#xE14;&#xE41;&#xE22;&#xE49;&#xE07;</subfield>
  </datafield>
  <datafield tag="650" ind1=" " ind2="4">
    <subfield code="9">60764</subfield>
    <subfield code="a">&#xE01;&#xE32;&#xE23;&#xE1A;&#xE23;&#xE34;&#xE2B;&#xE32;&#xE23;&#xE04;&#xE27;&#xE32;&#xE21;&#xE02;&#xE31;&#xE14;&#xE41;&#xE22;&#xE49;&#xE07;</subfield>
    <subfield code="z">&#xE44;&#xE17;&#xE22;</subfield>
    <subfield code="z">&#xE23;&#xE30;&#xE22;&#xE2D;&#xE07; (&#xE40;&#xE01;&#xE32;&#xE30;&#xE40;&#xE2A;&#xE21;&#xE47;&#xE14;)</subfield>
  </datafield>
  <datafield tag="710" ind1="2" ind2=" ">
    <subfield code="9">60765</subfield>
    <subfield code="a">&#xE19;&#xE31;&#xE01;&#xE28;&#xE36;&#xE01;&#xE29;&#xE32;&#xE2B;&#xE25;&#xE31;&#xE01;&#xE2A;&#xE39;&#xE15;&#xE23;&#xE1B;&#xE23;&#xE30;&#xE01;&#xE32;&#xE28;&#xE19;&#xE35;&#xE22;&#xE1A;&#xE31;&#xE15;&#xE23;&#xE0A;&#xE31;&#xE49;&#xE19;&#xE2A;&#xE39;&#xE07;&#xE01;&#xE32;&#xE23;&#xE40;&#xE2A;&#xE23;&#xE34;&#xE21;&#xE2A;&#xE23;&#xE49;&#xE32;&#xE07;&#xE2A;&#xE31;&#xE07;&#xE04;&#xE21;&#xE2A;&#xE31;&#xE19;&#xE15;&#xE34;&#xE2A;&#xE38;&#xE02; &#xE23;&#xE38;&#xE48;&#xE19;&#xE17;&#xE35;&#xE48; 10 &#xE2A;&#xE16;&#xE32;&#xE1A;&#xE31;&#xE19;&#xE1E;&#xE23;&#xE30;&#xE1B;&#xE01;&#xE40;&#xE01;&#xE25;&#xE49;&#xE32;</subfield>
  </datafield>
  <datafield tag="850" ind1=" " ind2=" ">
    <subfield code="a">NALT</subfield>
  </datafield>
  <datafield tag="942" ind1=" " ind2=" ">
    <subfield code="c">GB</subfield>
    <subfield code="2">lcc</subfield>
  </datafield>
  <datafield tag="996" ind1=" " ind2=" ">
    <subfield code="a">chunbijaya.r</subfield>
    <subfield code="b">CATSTF	</subfield>
    <subfield code="c">2023-04-27</subfield>
  </datafield>
  <datafield tag="996" ind1=" " ind2=" ">
    <subfield code="a">saiphon.d</subfield>
    <subfield code="b">CATSTF	</subfield>
    <subfield code="c">2023-05-02</subfield>
  </datafield>
  <datafield tag="999" ind1=" " ind2=" ">
    <subfield code="c">101969</subfield>
    <subfield code="d">101969</subfield>
  </datafield>
  <datafield tag="998" ind1=" " ind2=" ">
    <subfield code="j">104</subfield>
    <subfield code="k"> &#xE19;&#xE32;&#xE07;&#xE2A;&#xE32;&#xE27;&#xE2A;&#xE32;&#xE22;&#xE1D;&#xE19;  &#xE14;&#xE35;&#xE07;&#xE32;&#xE21;</subfield>
  </datafield>
  <datafield tag="952" ind1=" " ind2=" ">
    <subfield code="0">0</subfield>
    <subfield code="1">0</subfield>
    <subfield code="2">lcc</subfield>
    <subfield code="4">0</subfield>
    <subfield code="7">0</subfield>
    <subfield code="8">CGBL</subfield>
    <subfield code="a">NALT</subfield>
    <subfield code="b">NALT</subfield>
    <subfield code="c">GEN</subfield>
    <subfield code="d">2023-04-27</subfield>
    <subfield code="o">HM 1126  &#xE01;831 2563</subfield>
    <subfield code="p">3961213949</subfield>
    <subfield code="r">2023-06-07 00:00:00</subfield>
    <subfield code="w">2023-04-27</subfield>
    <subfield code="y">GB</subfield>
  </datafield>
</record>
